00524nam a22001577a 4500999001900000003000500019020002100024038001100045082001600056100003500072245009700107260003600204300001300240942001200253952010100265 c532427d532427NUST a950914052XqH/B. awaseem a997.11bALD aAldo Sessa, Fotografias925943 aLuces y Sombras de Buenos Aires:bLights & Shadows of Buenos Aires /cFotografias Aldo Sessa aBuenos Aires :bSessa Editores, a100 p. ; 2ddccBK 00102ddc4070aCLbCLd2019-11-20eDonationo997.11 ALDpCL-D-743r2019-11-20w2019-11-20yREF